| Поле | Инд. | ПП | Название | Значение |
|---|---|---|---|---|
| Тип записи | a | |||
| Библиографический уровень | b | |||
| 001 | Контрольный номер | 5965cd956fe749da8b025ecf8f9eb6db | ||
| 005 | Дата корректировки | 20220426161912.5 | ||
| 024 | 80 | a | Стандартный номер | 10.31857/S1028096020040044 |
| 040 | a | Служба первич. каталог. | РИНЦ | |
| 041 | 0_ | a | Код языка текста | rus |
| 097 | a | Ануфриева Г.Ю. | ||
| 100 | 1_ | a | Автор | Бакиров Б. А. |
| 100 | 1_ | a | Автор | Кичанов С. Е. |
| 100 | 1_ | a | Автор | Храмченкова Р. Х. |
| 100 | 1_ | q | Полное имя | Белушкин Александр Владиславович |
| a | Автор | Белушкин А. В. | ||
| c | Титул (звания) | старший научный сотрудник; доктор физико-математических наук; профессор (должность) | ||
| i | 100096343 | |||
| k | Кафедра нанотехнологий и новых материалов; Факультет естественных и инженерных наук | |||
| j | Принадлежность неизвестного автора к последователям, ученикам, сторонникам, школе и т. д. | государственный университет "Дубна" | ||
| 100 | 1_ | a | Автор | Козленко Д. П. |
| 100 | 1_ | a | Автор | Ситдиков А. Г. |
| 245 | 10 | a | Заглавие | Исследования монет средневековой Волжской Болгарии методами нейтронной дифракции и томографии |
| 773 | 18 | t | Название источника | Поверхность. Рентгеновские, синхротронные и нейтронные исследования |
| c | Москва | |||
| d | Место и дата издания | 2020 | ||
| m | Специф. данные | входит в ядро РИНЦ;журнал из перечня ВАК;входит в базу данных RSCI; ненулевой импакт-фактор; | ||
| n | Примечание | Переводная версия "Journal of Surface Investigation: X-Ray, Synchrotron and Neutron Techniques" | ||
| p | Поверхность | |||
| x | ISSN | 0207-3528; 1819-7094 (онлайн версия) | ||
| g | Прочая информация | № 4. - С. 69 - 75 | ||
| w | Контрольный № источника | c680484a4c164832aefbcec6b63f2909 | ||
| b | Сведения об издании | Наука | ||
| 856 | 40 | u | URL | https://www.elibrary.ru/item.asp?id=42571040 |
| 901 | t | Тип документа | b | |
| 952 | c | Вид литературы | статья в журнале |